Methods of soil analysis / (Record no. 155517)

MARC details
000 -LEADER
fixed length control field 00918cam a2200253Ia 4500
008 - FIXED-LENGTH DATA ELEMENTS--GENERAL INFORMATION
fixed length control field
049 ## - LOCAL HOLDINGS (OCLC)
Holding library MAIN
090 ## - LOCALLY ASSIGNED LC-TYPE CALL NUMBER (OCLC); LOCAL CALL NUMBER (RLIN)
Classification number (OCLC) (R) ; Classification number, CALL (RLIN) (NR) S593
Local cutter number (OCLC) ; Book number/undivided call number, CALL (RLIN) MET
003 - CONTROL NUMBER IDENTIFIER
control field
005 - DATE AND TIME OF LATEST TRANSACTION
control field 20230123133834.0
040 ## - CATALOGING SOURCE
Transcribing agency NUST
245 10 - TITLE STATEMENT
Title Methods of soil analysis /
Statement of responsibility, etc. C.A. Black, editor-in-chief, D.D. Evans... [et al.].
260 ## - PUBLICATION, DISTRIBUTION, ETC.
Place of publication, distribution, etc. Madison :
Name of publisher, distributor, etc. American Society of Agronomy,
Date of publication, distribution, etc. 1965
300 ## - PHYSICAL DESCRIPTION
Extent xxii, 770 p. :
Other physical details ill. ;
Dimensions 24 cm.
440 #0 - SERIES STATEMENT/ADDED ENTRY--TITLE
Title Agronomy ;
Volume/sequential designation no. 9
505 0# - FORMATTED CONTENTS NOTE
Formatted contents note v. 1. Physical and mineralogical properties, including statistics of measurement and sampling. -- v. 2. Chemical and microbiological properties.
504 ## - BIBLIOGRAPHY, ETC. NOTE
Bibliography, etc. note Includes bibliographical references and indexes.
650 #0 - SUBJECT ADDED ENTRY--TOPICAL TERM
Topical term or geographic name entry element Soils
General subdivision Analysis.
650 #7 - SUBJECT ADDED ENTRY--TOPICAL TERM
Topical term or geographic name entry element Solo (Microbiologia E Bioquimica)
Source of heading or term larpcal
700 ## - ADDED ENTRY--PERSONAL NAME
Personal name Black, C.A.
700 ## - ADDED ENTRY--PERSONAL NAME
Personal name Evans, D.D.
907 ## - LOCAL DATA ELEMENT G, LDG (RLIN)
a .b10016259
b 17-09-12
c 17-04-03
942 ## - ADDED ENTRY ELEMENTS (KOHA)
Koha item type Ordinary Loan Books
Call number prefix S593
Call number suffix MET
Holdings
Date last seen Total Checkouts Full call number Barcode Cost, replacement price Price effective from Koha item type Lost status Source of classification or shelving scheme Damaged status Not for loan Collection Withdrawn status Home library Current library Shelving location Date acquired Cost, normal purchase price
01/23/2023 2 S593 BLA 92003015122 80.00 01/23/2023 BOOKS   LCC     NFIC   MAIN MAIN GEN 01/23/2023 80.00